The big bang theory. The complete fifth season (Record no. 86035)
[ view plain ]
| 000 -LEADER | |
|---|---|
| fixed length control field | 03598cgm a2200673Ia 4500 |
| 001 - CONTROL NUMBER | |
| control field | ocn797209119 |
| 003 - CONTROL NUMBER IDENTIFIER | |
| control field | OCoLC |
| 005 - DATE AND TIME OF LATEST TRANSACTION | |
| control field | 20251220125553.0 |
| 007 - PHYSICAL DESCRIPTION FIXED FIELD--GENERAL INFORMATION | |
| fixed length control field | vd cvaizq |
| 008 - FIXED-LENGTH DATA ELEMENTS--GENERAL INFORMATION | |
| fixed length control field | 120629s2012 cau498 vleng d |
| 020 ## - INTERNATIONAL STANDARD BOOK NUMBER | |
| International Standard Book Number | 0780690125 |
| 020 ## - INTERNATIONAL STANDARD BOOK NUMBER | |
| International Standard Book Number | 9780780690127 |
| 024 10 - OTHER STANDARD IDENTIFIER | |
| Standard number or code | 883929221943 |
| 028 42 - PUBLISHER NUMBER | |
| Publisher number | 1000246191 |
| Source | Warner Home Video |
| 028 42 - PUBLISHER NUMBER | |
| Publisher number | 3000044301 |
| Source | Warner Home Video |
| 028 42 - PUBLISHER NUMBER | |
| Publisher number | 3000044302 |
| Source | Warner Home Video |
| 033 01 - DATE/TIME AND PLACE OF AN EVENT | |
| Formatted date/time | 2011---- |
| 035 ## - SYSTEM CONTROL NUMBER | |
| System control number | (OCoLC)797209119 |
| 037 ## - SOURCE OF ACQUISITION | |
| Source of stock number/acquisition | Midwest Tape |
| Note | http://www.midwesttapes.com |
| 040 ## - CATALOGING SOURCE | |
| Original cataloging agency | TEFMT |
| Transcribing agency | TEFMT |
| Modifying agency | BDX |
| -- | TEF |
| -- | OPW |
| -- | GK8 |
| -- | IOS |
| -- | SXP |
| -- | UINTA |
| Description conventions | rda |
| 041 1# - LANGUAGE CODE | |
| Language code of text/sound track or separate title | eng |
| Language code of original and/or intermediate translations of text | eng |
| 049 ## - LOCAL HOLDINGS (OCLC) | |
| Holding library | UCLB |
| 050 #4 - LIBRARY OF CONGRESS CALL NUMBER | |
| Classification number | PN1992.77 |
| Item number | .B54 2011 |
| 082 04 - DEWEY DECIMAL CLASSIFICATION NUMBER | |
| Classification number | 791.45/75 |
| Edition number | 23 |
| 092 ## - LOCALLY ASSIGNED DEWEY CALL NUMBER (OCLC) | |
| Classification number | 791.457 |
| 245 04 - TITLE STATEMENT | |
| Title | The big bang theory. The complete fifth season |
| 260 ## - PUBLICATION, DISTRIBUTION, ETC. (IMPRINT) | |
| Place of publication, distribution, etc | Burbank, CA : |
| Name of publisher, distributor, etc | Warner Home Video, |
| Date of publication, distribution, etc | 2012. |
| 264 ## - Production, Publication, Distribution, Manufacture, and Copyright Notice. | |
| Place of production, publication, distribution, manufacture | Burbank, CA : |
| Name of producer, publisher, distributor, manufacturer | Warner Bros. Television ; creators, Chuck Lorre, Bill Prady. |
| Date of production, publication, distribution, manufacture, or copyr | 2012 |
| 300 ## - PHYSICAL DESCRIPTION | |
| Extent | 3 videodiscs (498 min.) : |
| Other physical details | sd., col. ; |
| Dimensions | 4 3/4 in. |
| 500 ## - GENERAL NOTE | |
| General note | Contains 24 episodes from the 5th season. |
| 500 ## - GENERAL NOTE | |
| General note | Special features: The big bang theory @ 100; The big bang theory's laws of reflection; Professors of production; gag reel. |
| 505 0# - FORMATTED CONTENTS NOTE | |
| Formatted contents note | The skank reflex analysis ; The infestation hypothesis ; The pulled groin extrapolation ; The wiggly finger catalyst ; The Russian rocket reaction ; The rhinitis revelation ; The good guy fluctuation ; The isolation permutation ; The ornithophobia diffusion ; The flaming spittoon acquisition ; The Speckerman recurrence ; The shiny trinket maneuver ; The recombination hypothesis ; The beta test initiation ; The friendship contraction ; The vacation solution ; The Rothman disintegration ; The werewolf transformation ; The weekend vortex ; The transporter malfunction ; The Hawking excitation ; The stag convergence ; The launch acceleration ; The countdown reflection. |
| 511 1# - PARTICIPANT OR PERFORMER NOTE | |
| Participant or performer note | Johnny Galecki, Jim Parsons, Kaley Cuoco, Simon Helberg, Kunal Nayyar, Mayim Bialik, Melissa Rauch. |
| 518 ## - DATE/TIME AND PLACE OF AN EVENT NOTE | |
| Date/time and place of an event note | Originally broadcast in 2011. |
| 520 ## - SUMMARY, ETC. | |
| Summary, etc | Regarding the opposite sex, they're on a steep learning curve. In every other sense, they're geniuses. Join physicists Leonard Hofstadter (Johnny Galecki) and Sheldon Cooper (Jim Parsons) as they ponder black holes, chemical deviations, girls, and other mysteries of the universe. |
| 521 ## - TARGET AUDIENCE NOTE | |
| Target audience note | Not rated. |
| 538 ## - SYSTEM DETAILS NOTE | |
| System details note | DVD; widescreen, 16x9 letterbox; Dolby digital 5.1 surround; dual layer. |
| 546 ## - LANGUAGE NOTE | |
| Language note | English dialogue; subtitled in English, French, and Spanish; subtitled for the deaf and hard of hearing. |
| 650 #0 - SUBJECT ADDED ENTRY--TOPICAL TERM | |
| Topical term or geographic name as entry element | Physicists |
| Form subdivision | Drama. |
| 9 (RLIN) | 5711550 |
| 650 #0 - SUBJECT ADDED ENTRY--TOPICAL TERM | |
| Topical term or geographic name as entry element | Man-woman relationships |
| Form subdivision | Drama. |
| 9 (RLIN) | 5673977 |
| 650 #0 - SUBJECT ADDED ENTRY--TOPICAL TERM | |
| Topical term or geographic name as entry element | Apartment dwellers |
| Form subdivision | Drama. |
| 9 (RLIN) | 5745036 |
| 650 #0 - SUBJECT ADDED ENTRY--TOPICAL TERM | |
| Topical term or geographic name as entry element | Neighbors |
| Form subdivision | Drama. |
| 9 (RLIN) | 5692604 |
| 655 #7 - INDEX TERM--GENRE/FORM | |
| Genre/form data or focus term | Comedy television programs. |
| Source of term | gsafd |
| 9 (RLIN) | 102660 |
| 655 #7 - INDEX TERM--GENRE/FORM | |
| Genre/form data or focus term | Situation comedies (Television programs) |
| Source of term | lcgft |
| 9 (RLIN) | 5709318 |
| 655 #7 - INDEX TERM--GENRE/FORM | |
| Genre/form data or focus term | Fiction television programs. |
| Source of term | lcgft |
| 9 (RLIN) | 5673656 |
| 655 #7 - INDEX TERM--GENRE/FORM | |
| Genre/form data or focus term | Television series. |
| Source of term | lcgft |
| 9 (RLIN) | 6238971 |
| 655 #7 - INDEX TERM--GENRE/FORM | |
| Genre/form data or focus term | Video recordings for the hearing impaired. |
| Source of term | lcgft |
| 9 (RLIN) | 6238972 |
| 700 1# - ADDED ENTRY--PERSONAL NAME | |
| Personal name | Lorre, Chuck. |
| 9 (RLIN) | 71483 |
| 700 1# - ADDED ENTRY--PERSONAL NAME | |
| Personal name | Prady, Bill. |
| 9 (RLIN) | 6010402 |
| 700 1# - ADDED ENTRY--PERSONAL NAME | |
| Personal name | Galecki, Johnny. |
| 9 (RLIN) | 67017 |
| 700 1# - ADDED ENTRY--PERSONAL NAME | |
| Personal name | Parsons, Jim, |
| Dates associated with a name | 1973- |
| 9 (RLIN) | 5897531 |
| 700 1# - ADDED ENTRY--PERSONAL NAME | |
| Personal name | Cuoco, Kaley. |
| 9 (RLIN) | 5738214 |
| 700 1# - ADDED ENTRY--PERSONAL NAME | |
| Personal name | Helberg, Simon. |
| 9 (RLIN) | 6010404 |
| 700 1# - ADDED ENTRY--PERSONAL NAME | |
| Personal name | Nayyar, Kunal. |
| 9 (RLIN) | 5691452 |
| 710 2# - ADDED ENTRY--CORPORATE NAME | |
| Corporate name or jurisdiction name as entry element | Warner Bros. Entertainment. |
| 9 (RLIN) | 52548 |
| 710 2# - ADDED ENTRY--CORPORATE NAME | |
| Corporate name or jurisdiction name as entry element | Warner Bros. Television. |
| 9 (RLIN) | 25942 |
| 730 0# - ADDED ENTRY--UNIFORM TITLE | |
| Uniform title | Big bang theory (Television program) |
| 9 (RLIN) | 6014748 |
| 942 ## - ADDED ENTRY ELEMENTS (KOHA) | |
| Koha item type | DVD |
| Source of classification or shelving scheme | Dewey Decimal Classification |
| Withdrawn status | Lost status | Source of classification or shelving scheme | Materials specified (bound volume or other part) | Damaged status | Not for loan | Collection code | Home library | Current library | Shelving location | Date acquired | Source of acquisition | Serial Enumeration / chronology | Total Checkouts | Total Renewals | Full call number | Barcode | Date last seen | Date checked out | Cost, replacement price | Price effective from | Koha item type |
|---|---|---|---|---|---|---|---|---|---|---|---|---|---|---|---|---|---|---|---|---|---|
| Dewey Decimal Classification | 3 discs | Television Series | Wasatch County Library | Wasatch County Library | Audio Visual Area | 03/02/2022 | Amazon | Season #5 | 6 | 7 | TV Series Big Bang Theory #5 | 34301001823337 | 03/02/2026 | 02/25/2026 | 15.74 | 03/02/2022 | DVD Series |
